000 00419nam a2200145Ia 4500
003 SISC
005 20190604154808.0
008 180205s9999 xx 000 0 und d
050 _aPR 4759
_b.H313 1963
100 _aHarris, Frank
245 _aMy life & loves by Frank Harris :
_bfive volumes in one complete & unexpurgated /
260 _aLondon:
_bCorgi books
_c1963.
300 _aix, 1070 pages
942 _2lcc
_cBK
999 _c354744
_d354744